Statistiques concernant Culture Générale - Série 1125

Cliquez ici pour prendre le quiz!

Statistiques générales

  • Ce quiz a été pris 79 fois
  • Le résultat moyen est 7 sur 10

Statistiques - réponses

QuestionRéponse% Correct
Selon l'expression, une rumeur est un "bruit qui...court
97%
Que signifie la lettre "I" du sigle P.I.B., employé à propos de l'économie d'un pays ?Intérieur
96%
Dans les aventures de Tintin, quel nom de fleur porte le professeur prénommé Tryphon ?Tournesol
78%
En 1981, Hervé Cristiani a fait un tube avec le titre : "Il est libre...Max
76%
Quelle fête chrétienne annuelle célèbre l'élévation miraculeuse de Jésus-Christ dans le ciel, quarante jours après sa résurrection ?L'Ascension
69%
Quel chef-lieu de canton du Doubs célèbre pour ses saucisses est l'homonyme du nom de famille de Miss France 2009 ?Morteau
67%
Quel État d'Océanie est essentiellement formé de l'île du Nord et de l'île du Sud, séparées par le détroit de Cook ?Nouvelle-Zélande
65%
Quel mot désigne à la fois : une variété de laitue et une habitante de capitale européenne ?romaine
50%
Le Français champion olympique en 1992 de ski à bosses, s'appelle Edgar ...Grospiron
44%
Quelle fleur, dont le nom issu du grec signifie "oreille de souris", est également appelée "ne m'oubliez pas" ?myosotis
19%

Distribution des résultats

Percentile par nombre de réponses

% des personnes avec chaque résultat

Votre développement - résultats

Vous n’avez pas pris ce quiz